000 00856nam a2200193 a 4500
003 0
005 20250523135119.0
008 021022s19uu xx 00 eng d
050 _aPHS LC 4713.2
_b.N89 2002
100 _aNuyda, Juan Gonzalo S.
245 _aManifestations of attention deficit hyperactivity disorder (ADHD) among high school students as perceived by high school teachers of Southville International School /
_cJuan Gonzalo S. Nyuda.
260 _aLas PiƱas City, Philippines :
_bSouthville International School and Colleges,
_c2002.
300 _a71 pages ;
_c28 cm.
504 _aIncludes bibliographical references.
650 _aAttention-deficit hyperactivity disorder
_zPhilippines.
650 _aStudents with disabilities
_xEducation
_zPhilippines.
650 _aBehavioral assessment of children
_zPhilippines.
942 _2lcc
_cPASS
999 _c96728
_d96728